000 00678nam a22002057a 4500
003 OSt
005 20260310034032.0
008 260310b |||||||| |||| 00| 0 eng d
020 _a971-584-393-X.
040 _aDWCL Main lib
_cOC
082 _aFil. 342 T928c 2005
100 _aTupaz, Antonio R.
245 _aConstitutional law reviewer :
_bproblems and answers
_cAntonio R. Tupaz
260 _aQuezon City :
_bC & E Publishing Inc.,
_cc2005.
300 _a478 p. ;
_c 22 cm.
650 _a1. Constitutional law-Philippines-Questions and answers.
650 _a2. Constitutional law-Philippines-Reviewer.
700 _aHilario Davide Jr.
942 _2ddc
_cBK - FIL
_kFil.
_n0
999 _c8848
_d8848